00837cam a2200265 a 450000100090000000300040000900500170001300800410003001000170007102000180008804000180010604200080012404300120013205000250014410000240016924500750019325000130026826000430028130000380032450400510036261000290041365000480044265100500049065100310054016844300OSt20150917155351.0110627s2010 ke ab b 001 0 eng  a 2011342901 a9789966256126 aDLCcDLCdDLC apcc af-ke---00aHE3419.Z8bU385 20101 aKapila, Neera Kent.10aRace, rail, and society :broots of modern Kenya /cNeera Kent Kapila. aRev. ed. aNairobi :bKenway Publications,c2010. axv, 294 p. :bill., map ;c30 cm. aIncludes bibliographical references and index.20aUganda RailwayxHistory. 0aEast IndianszKenyaxHistoryy20th century. 0aKenyaxRace relationsxHistoryy20th century. 0aKenyaxHistoryy1895-1963.